000 00768nam a22002177a 4500
005 20170606152203.0
008 090109t xxu||||| |||| 00| 0urd d
010 _aA-949219
020 _c125.00
_a-
035 _aA-949219
037 _bDBAD/PUB
040 _aDPL
_bUrdu
082 _a181.9
100 _aشبیر ا حمد خا ن غو ر ی
245 _aا سلا م میں علم و حکمت کا آ غا ز
_c شبیر ا حمد خا ن غو ر ی
246 _aIslam mein Illm o Hikmat ka Aaghaz
_bBy Shabbir Ahmad Khan Ghori
260 _aPatna
_bKhuda Bakhsh Oriental Public Library
_c1998
270 _aKhuda Bakhsh Oriental Public Library
_bPatna
_e-
_k-
300 _a262ص
_c22 cm(hb)
942 _2ddc
_cUR
_h181.9
_mغ و ر
999 _c140780
_d140780